Características y uso de las cuevas del zorro pampeano (Pseudalopex gymnocercus) en un área agrícola ganadera del sur de la provincia de Buenos Aires /

Guardado en:
Autor Principal: Martínez, Sabrina Daniela.
Autor Corporativo: Universidad Nacional del Sur. Departamento de Biología, Bioquímica y Farmacia.
Otros Autores: Luengos Vidal, Estela M. (dir. de tesina.)
Formato: Manuscrito
Idioma:Spanish
Publicado: 2016.
Materias:
Etiquetas: Agregar Etiqueta
Sin Etiquetas, Sea el primero en etiquetar este registro!
LEADER 01147ntm a22002535a 4500
001 EUN.eunm006456
005 20160615142446.0
008 160614s2016####ag#a#####b####000#0#spa#d
082 0 4 |a 599.744  |2 15 
100 1 |a Martínez, Sabrina Daniela. 
245 1 0 |a Características y uso de las cuevas del zorro pampeano (Pseudalopex gymnocercus) en un área agrícola ganadera del sur de la provincia de Buenos Aires /  |c tesinista: Sabrina Daniela Martínez ; directora: Estela M Luengos Vidal. 
260 |c 2016. 
300 |a 39 h. :  |b il. ;  |c 30 cm. 
502 |a Tesina (licenciatura)--Universidad Nacional del Sur. Departamento de Biología, Bioquímica y Farmacia, 2016. 
504 |a Incluye referencias bibliográficas. 
650 7 |a Zoología.  |2 unbist 
650 7 |a Vulpes vulpes.  |2 Icyt 
650 7 |a Cuevas.  |2 unbist 
653 |a Zorros 
653 |a Tesinas 
653 |a Buenos Aires (Argentina : Provincia) 
700 1 |a Luengos Vidal, Estela M.  |q (Estela Maris),  |e dir. de tesina. 
710 2 |a Universidad Nacional del Sur.  |b Departamento de Biología, Bioquímica y Farmacia. 
859 |a AR-BaUNS  |b BIB. CENTRAL - Sector A  |h 599.744  |i M366  |p 125577/016